000 00738nam a2200289Ia 4500
008 180313s9999 xx 000 0 und d
020 _a9789810991135
050 _bLEX F793 1983
100 _aFox, Mem
245 _aPossum magic /
245 _cby Mem Fox ; illustrated by Julie Vivas.
260 _aNew York, New York :
260 _bScholastic Inc.,
260 _c1983
300 _aunpaged :
300 _bcolored illustrations ;
300 _c25cm.
500 _a530
650 _aMagic --
650 _aPhalangeridae --
650 _aZoology --
650 _xAustralia -- Juvenile literature.
650 _xJuvenile fiction.
650 _xJuvenile fiction.
700 _aTitle.
700 _aVivas, Julie.
999 _c356226
_d356226